[Event "Mittelfranken-chTB2b 1920"]
[Site "Mittelfranken"]
[Date "2019.12.01"]
[Round "3.4"]
[White "Meyer, Juergen1111"]
[Black "Heinkelmann, Josef"]
[Result "1/2-1/2"]
[WhiteElo "1725"]
[BlackElo "1845"]
[PlyCount "35"]
[EventDate "2019.10.13"]
[EventType "team-tourn"]
[EventRounds "9"]
[EventCountry "GER"]
[SourceTitle "EXT 2023"]
[Source "ChessBase"]
[SourceDate "2022.10.05"]
[SourceVersion "1"]
[SourceVersionDate "2022.10.05"]
[SourceQuality "1"]
[WhiteTeam "Uttenreuth"]
[BlackTeam "Forchheim II"]
[WhiteTeamCountry "GER"]
[BlackTeamCountry "GER"]

1. d4 Nf6 2. Nf3 g6 3. e3 Bg7 4. Be2 d5 5. 0-0 0-0 6. c4 c6 7. Nc3 Re8 8. Ne5 Nbd7 9. f4 e6 10. c5 Ne4 11. Nxe4 dxe4 12. Nc4 Bf8 13. Bd2 f5 14. b4 Nf6 15. a4 Nd5 16. Qb3 Qc7 17. Rfb1 Bd7 18. Ne5 1/2-1/2

[Event "Mittelfranken-chTB2b 1415"]
[Site "Mittelfranken"]
[Date "2015.04.19"]
[Round "9.5"]
[White "Heinkelmann, Josef"]
[Black "Schneider, Norbert"]
[Result "1-0"]
[WhiteElo "1856"]
[BlackElo "1657"]
[PlyCount "79"]
[EventDate "2014.09.28"]
[EventType "team-tourn"]
[EventRounds "9"]
[EventCountry "GER"]
[SourceTitle "EXT 2020"]
[Source "ChessBase"]
[SourceDate "2019.10.17"]
[SourceVersion "1"]
[SourceVersionDate "2019.10.17"]
[SourceQuality "1"]
[WhiteTeam "Forchheim III"]
[BlackTeam "Kirchehren/Eberm"]
[WhiteTeamCountry "GER"]
[BlackTeamCountry "GER"]

1. c4 g6 2. Nc3 Bg7 3. Nf3 Nf6 4. e4 d6 5. d4 0-0 6. Be3 Bg4 7. Be2 Nc6 8. Qd2 e5 9. d5 Ne7 10. 0-0 Ne8 11. Bh6 f5 12. Bxg7 Nxg7 13. b4 fxe4 14. Nxe4 Rf4 15. Nfg5 Bxe2 16. Qxe2 Nef5 17. Nf3 Nh4 18. Nfd2 Qf8 19. Kh1 Nhf5 20. Nf3 Nh6 21. Rad1 b6 22. Rd3 Qf5 23. Nfd2 Qd7 24. Qe3 Nhf5 25. Qxf4 exf4 26. Nf6+ Kf7 27. Nxd7 Ke7 28. Nc5 bxc5 29. bxc5 dxc5 30. Rb1 Nd4 31. Rb7 Kd7 32. Nf3 Ngf5 33. Nxd4 Nxd4 34. Ra3 a6 35. h3 Nc2 36. Rab3 Re8 37. Ra7 Re2 38. Rbb7 Rxf2 39. Rxc7+ Kd6 40. Re7 1-0

[Event "Forchheim op-B 13th"]
[Site "Forchheim"]
[Date "2014.10.03"]
[Round "2"]
[White "Siegl, Melina"]
[Black "Heinkelmann, Josef"]
[Result "1-0"]
[WhiteElo "1909"]
[BlackElo "1853"]
[PlyCount "51"]
[EventDate "2014.10.03"]
[EventType "swiss"]
[EventRounds "5"]
[EventCountry "GER"]
[SourceTitle "EXT 2019"]
[Source "ChessBase"]
[SourceDate "2018.10.10"]
[SourceVersion "1"]
[SourceVersionDate "2018.10.10"]
[SourceQuality "1"]

1. b3 c5 2. Bb2 Nc6 3. e3 Nf6 4. Nf3 e6 5. Bb5 Be7 6. 0-0 0-0 7. Bxc6 bxc6 8. d3 Nd5 9. e4 Bf6 10. e5 Be7 11. c4 Nf4 12. Qd2 Ng6 13. Nc3 f6 14. exf6 Bxf6 15. Ne4 Bxb2 16. Qxb2 Qe7 17. Ne5 Rf5 18. Nxg6 hxg6 19. Ng3 Rf8 20. f4 d6 21. Rae1 Qh4 22. Qd2 Qf6 23. Ne4 Qe7 24. Qe3 Bd7 25. Ng5 Rae8 26. Qh3 1-0

[Event "Mittelfranken-chTB2b 1314"]
[Site "Mittelfranken"]
[Date "2014.01.12"]
[Round "4.5"]
[White "Heinkelmann, Josef"]
[Black "Hetzner, Helmut"]
[Result "1-0"]
[WhiteElo "1856"]
[BlackElo "1861"]
[PlyCount "113"]
[EventDate "2013.10.20"]
[EventType "team-tourn"]
[EventRounds "9"]
[EventCountry "GER"]
[SourceTitle "EXT 2020"]
[Source "ChessBase"]
[SourceDate "2019.10.17"]
[SourceVersion "1"]
[SourceVersionDate "2019.10.17"]
[SourceQuality "1"]
[WhiteTeam "Forchheim III"]
[BlackTeam "Muehlhof/Schwabach"]
[WhiteTeamCountry "GER"]
[BlackTeamCountry "GER"]

1. c4 Nf6 2. Nc3 g6 3. Nf3 Bg7 4. g3 c5 5. Bg2 Nc6 6. d4 cxd4 7. Nxd4 Nxd4 8. Qxd4 0-0 9. 0-0 d6 10. Qd3 Ng4 11. Nd5 Be6 12. Bg5 Re8 13. Qb3 h6 14. Bd2 Rc8 15. Rac1 Qd7 16. f4 f5 17. Rfe1 Bf7 18. Bc3 e6 19. Bxg7 exd5 20. Bd4 dxc4 21. Qc3 h5 22. Bxa7 Re7 23. h3 Nh6 24. Bd4 d5 25. Bf6 Re6 26. Bh8 Be8 27. Bxd5 Rc7 28. Bxe6+ Qxe6 29. Qe5 Re7 30. Qxe6+ Rxe6 31. Be5 b5 32. Rcd1 Nf7 33. Bc3 Nd6 34. Be5 Ne4 35. Kh2 b4 36. Rd8 Kf7 37. Rc8 Bb5 38. Rb8 Ba6 39. Rxb4 Rc6 40. Bc3 Rd6 41. Ra4 h4 42. gxh4 Bb5 43. Ra5 Bc6 44. Ra6 Nc5 45. Ra7+ Bd7 46. Bb4 Ra6 47. Rxa6 Nxa6 48. Bd6 Ke6 49. Rd1 Bc6 50. Kg3 Bd5 51. Ba3 Nc7 52. Kf2 Nb5 53. Bb4 Be4 54. a4 Bc2 55. Ra1 Nd4 56. a5 Nb3 57. Rg1 1-0

[Event "Mittelfranken-chTB2a 0910"]
[Site "Mittelfranken"]
[Date "2010.04.18"]
[Round "9.5"]
[White "Heinkelmann, Josef"]
[Black "Obsieger, Hendrik"]
[Result "1/2-1/2"]
[WhiteElo "1806"]
[BlackElo "1845"]
[PlyCount "42"]
[EventDate "2009.10.11"]
[EventType "team-tourn"]
[EventRounds "9"]
[EventCountry "GER"]
[SourceTitle "EXT 2011"]
[Source "ChessBase"]
[SourceDate "2010.11.26"]
[SourceVersion "1"]
[SourceVersionDate "2010.11.26"]
[SourceQuality "1"]
[WhiteTeam "Forchheim III"]
[BlackTeam "Erlangen SC II"]
[WhiteTeamCountry "GER"]
[BlackTeamCountry "GER"]

1. Nf3 Nf6 2. c4 g6 3. Nc3 Bg7 4. e4 d6 5. d4 0-0 6. Be3 e5 7. dxe5 dxe5 8. Qxd8 Rxd8 9. Nd5 Nxd5 10. cxd5 c6 11. Bc4 cxd5 12. Bxd5 Na6 13. Rd1 Bf6 14. Ng5 Rd7 15. 0-0 h6 16. Nxf7 Rxf7 17. a3 Nc7 18. Bxf7+ Kxf7 19. Rc1 Ne6 20. Bxa7 Bd7 21. Be3 Bc6 1/2-1/2

[Event "Mittelfranken-chTB2a 0809"]
[Site "Mittelfranken"]
[Date "2009.03.22"]
[Round "8.6"]
[White "Quaschner, Manuel"]
[Black "Heinkelmann, Josef"]
[Result "1/2-1/2"]
[WhiteElo "1649"]
[BlackElo "1804"]
[PlyCount "97"]
[EventDate "2008.10.12"]
[EventType "team"]
[EventRounds "9"]
[EventCountry "GER"]
[SourceTitle "EXT 2011"]
[Source "ChessBase"]
[SourceDate "2010.11.26"]
[SourceVersion "1"]
[SourceVersionDate "2010.11.26"]
[SourceQuality "1"]
[WhiteTeam "Grossenseebach II"]
[BlackTeam "Forchheim III"]
[WhiteTeamCountry "GER"]
[BlackTeamCountry "GER"]

1. e4 c5 2. Nf3 Nc6 3. d4 cxd4 4. Nxd4 g6 5. Nxc6 bxc6 6. Qd4 Nf6 7. e5 Nd5 8. e6 f6 9. exd7+ Bxd7 10. Bc4 e5 11. Qd1 Be6 12. Bb3 Bg7 13. 0-0 0-0 14. Nc3 Kh8 15. Ne4 f5 16. Ng5 Bg8 17. Nf3 Qc7 18. c3 Rad8 19. Qe2 Rfe8 20. Bg5 Rd7 21. Rad1 h6 22. Bc1 Bf7 23. Rfe1 g5 24. Bxd5 cxd5 25. Nd2 d4 26. Nb3 dxc3 27. Rxd7 Qxd7 28. bxc3 Rd8 29. h3 Qc6 30. Bb2 Bc4 31. Qe3 Qc7 32. Qf3 f4 33. Rd1 Rxd1+ 34. Qxd1 e4 35. Nd4 Qd7 36. Qe1 Qd5 37. a3 Ba6 38. Nc2 Bb7 39. Nb4 Qd6 40. Qe2 a5 41. Na2 Qc6 42. Bc1 Ba6 43. Qc2 Qc4 44. Kh2 Be5 45. Qd2 f3+ 46. g3 Qf1 47. Qd8+ Kh7 48. Qe7+ Bg7 49. Qxe4+ 1/2-1/2

[Event "Mittelfranken-chTB2a 0809"]
[Site "Mittelfranken"]
[Date "2009.01.25"]
[Round "5.8"]
[White "Heinkelmann, Josef"]
[Black "Myagkov, Kirill"]
[Result "1-0"]
[WhiteElo "1804"]
[BlackElo "1570"]
[PlyCount "59"]
[EventDate "2008.10.12"]
[EventType "team"]
[EventRounds "9"]
[EventCountry "GER"]
[SourceTitle "EXT 2011"]
[Source "ChessBase"]
[SourceDate "2010.11.26"]
[SourceVersion "1"]
[SourceVersionDate "2010.11.26"]
[SourceQuality "1"]
[WhiteTeam "Forchheim III"]
[BlackTeam "Nuernberg NT V"]
[WhiteTeamCountry "GER"]
[BlackTeamCountry "GER"]

1. c4 c5 2. Nc3 Nc6 3. g3 g6 4. Bg2 Bg7 5. Nf3 Nf6 6. 0-0 0-0 7. d4 cxd4 8. Nxd4 Ng4 9. e3 Nge5 10. b3 Nxd4 11. exd4 Nc6 12. Be3 e6 13. Rc1 Ne7 14. d5 Nf5 15. Bf4 Bxc3 16. Rxc3 e5 17. Bxe5 d6 18. Bf4 Qf6 19. Qd2 Nd4 20. Re1 Bg4 21. Rd3 Ne2+ 22. Rxe2 Bxe2 23. Qxe2 Rfe8 24. Re3 Qa1+ 25. Bf1 Rxe3 26. Qxe3 Qf6 27. Bg5 Qe5 28. Qxe5 dxe5 29. d6 Kg7 30. Be7 1-0

[Event "Oberfranken-ch M 0607"]
[Site "Schney"]
[Date "2007.01.04"]
[Round "6"]
[White "Heinkelmann, Josef"]
[Black "Schelbert, Roland"]
[Result "1/2-1/2"]
[WhiteElo "1898"]
[BlackElo "1693"]
[PlyCount "125"]
[EventDate "2007.01.02"]
[EventType "swiss"]
[EventRounds "9"]
[EventCountry "GER"]
[SourceTitle "EXT 2015"]
[Source "ChessBase"]
[SourceDate "2014.11.20"]
[SourceVersion "1"]
[SourceVersionDate "2014.11.20"]
[SourceQuality "1"]

1. c4 e6 2. Nf3 Nf6 3. Nc3 c6 4. d4 d6 5. e4 Nbd7 6. Be2 Be7 7. 0-0 0-0 8. Re1 a6 9. a4 b6 10. Qc2 Bb7 11. Bf1 e5 12. Bd2 c5 13. dxe5 Nxe5 14. Nxe5 dxe5 15. Nd5 Bxd5 16. exd5 Nd7 17. Bd3 h6 18. Bc3 Bf6 19. Re3 g6 20. Rae1 Qc7 21. Rg3 Bg7 22. Bxg6 fxg6 23. Qxg6 Rf7 24. Qxh6 Re8 25. Re4 Kf8 26. Qg6 Qd8 27. Qd6+ Qe7 28. Rg6 Qxd6 29. Rxd6 Kg8 30. a5 bxa5 31. Rxa6 Ref8 32. f3 Rf4 33. Rxf4 Rxf4 34. b3 Rf7 35. Ra8+ Kh7 36. Rxa5 Bh6 37. Kf2 e4 38. b4 e3+ 39. Ke2 cxb4 40. Bxb4 Ne5 41. c5 Bf8 42. d6 Nc6 43. Ra4 Bh6 44. Bc3 Rd7 45. g3 Rb7 46. f4 Rb3 47. Be5 Nxe5 48. fxe5 Rb2+ 49. Kd3 Rd2+ 50. Kc3 e2 51. Re4 Ra2 52. Kb3 Rd2 53. c6 Rd3+ 54. Kc4 Re3 55. Rxe3 Bxe3 56. c7 e1Q 57. Kd5 Qa5+ 58. Ke6 Qa6 59. Kd7 Qb7 60. h4 Bf2 61. e6 Bxg3 62. e7 Qb5+ 63. Kd8 1/2-1/2

[Event "Oberfranken-ch M 0506"]
[Site "Schney"]
[Date "2006.01.04"]
[Round "6"]
[White "Georgijevski, Slavko"]
[Black "Heinkelmann, Josef"]
[Result "1-0"]
[WhiteElo "1906"]
[BlackElo "1885"]
[PlyCount "123"]
[EventDate "2006.01.02"]
[EventType "swiss"]
[EventRounds "9"]
[EventCountry "GER"]
[SourceTitle "EXT 2015"]
[Source "ChessBase"]
[SourceDate "2014.11.20"]
[SourceVersion "1"]
[SourceVersionDate "2014.11.20"]
[SourceQuality "1"]

1. e4 c5 2. Nf3 Nc6 3. d4 cxd4 4. Nxd4 g6 5. Nc3 Bg7 6. Be3 Nf6 7. f3 0-0 8. Qd2 d5 9. 0-0-0 dxe4 10. Nxc6 Qxd2+ 11. Rxd2 bxc6 12. fxe4 Ng4 13. Nd1 Nxe3 14. Nxe3 Rb8 15. c3 Bh6 16. Re2 f5 17. Re1 fxe4 18. Bc4+ Kh8 19. Rhf1 Rxf1 20. Bxf1 Be6 21. Kb1 Rd8 22. Bc4 Bd5 23. Bf1 Rf8 24. Nxd5 cxd5 25. Bb5 Rf2 26. Re2 Rf6 27. c4 a6 28. Ba4 Rf1+ 29. Kc2 Rc1+ 30. Kb3 Rxc4 31. Bd7 e3 32. Be6 Rc5 33. Kb4 Rb5+ 34. Kc3 Bg7+ 35. Kd3 d4 36. Rc2 Bf6 37. b3 Kg7 38. Bc8 a5 39. Be6 Rb6 40. Bd5 h5 41. Be4 e5 42. Rc4 Be7 43. Bd5 Bb4 44. Rc7+ Kh6 45. Rc6 Rb8 46. Be4 Rg8 47. Re6 Kg5 48. Rxe5+ Kf6 49. Rb5 Rf8 50. Rb6+ Ke5 51. Rb5+ Kd6 52. Rd5+ Kc7 53. Rxd4 Bd2 54. Bxg6 Rg8 55. Be4 Re8 56. Bf3 Re5 57. Rh4 Bb4 58. Rxh5 Re7 59. Rd5 Bd2 60. h4 Rh7 61. h5 Rf7 62. Ke2 1-0

[Event "Oberfranken-ch M 0405"]
[Site "Schney"]
[Date "2005.01.04"]
[Round "6"]
[White "Achatz, Michael"]
[Black "Heinkelmann, Josef"]
[Result "1/2-1/2"]
[WhiteElo "1845"]
[BlackElo "1851"]
[PlyCount "23"]
[EventDate "2005.01.02"]
[EventType "swiss"]
[EventRounds "9"]
[EventCountry "GER"]
[SourceTitle "EXT 2015"]
[Source "ChessBase"]
[SourceDate "2014.11.20"]
[SourceVersion "1"]
[SourceVersionDate "2014.11.20"]
[SourceQuality "1"]

1. e4 c5 2. Nf3 Nc6 3. d4 cxd4 4. Nxd4 g6 5. Nc3 Bg7 6. Be3 Nf6 7. Be2 0-0 8. Qd2 d5 9. Nxc6 bxc6 10. exd5 Nxd5 11. Nxd5 cxd5 12. c3 1/2-1/2

[Event "Oberfranken-ch M 0405"]
[Site "Schney"]
[Date "2005.01.03"]
[Round "5"]
[White "Heinkelmann, Josef"]
[Black "Freyer, Guido"]
[Result "0-1"]
[WhiteElo "1851"]
[BlackElo "1845"]
[PlyCount "56"]
[EventDate "2005.01.02"]
[EventType "swiss"]
[EventRounds "9"]
[EventCountry "GER"]
[SourceTitle "EXT 2015"]
[Source "ChessBase"]
[SourceDate "2014.11.20"]
[SourceVersion "1"]
[SourceVersionDate "2014.11.20"]
[SourceQuality "1"]

1. d4 d5 2. c4 e6 3. Nf3 f5 4. Bg5 Be7 5. Bxe7 Qxe7 6. e3 Nf6 7. Nc3 c6 8. Qb3 0-0 9. Be2 Nbd7 10. 0-0 Ne4 11. Rac1 Ndf6 12. Ne5 Nd2 13. Qc2 Nxf1 14. Rxf1 Nd7 15. f4 Nxe5 16. fxe5 Bd7 17. c5 Qg5 18. Rf3 Be8 19. Bd3 Bg6 20. Ne2 Qe7 21. Rg3 Kh8 22. Nf4 Bf7 23. b4 g5 24. Nh3 Rg8 25. Qf2 Be8 26. Kh1 h5 27. Ng1 g4 28. a4 h4 0-1